000
00429nam a2200181Ia 4500
008
090124s9999 xx 000 0 und d
082
_b
123374
100
_a
रानडे जयंत
245
_a
गँग
250
_a
1
260
_c
1989
300
_a
113
600
_a
रानडे जयंत
630
_a
गँग
700
_a
रानडे जयंत
730
_a
गँग
942
_c
BOOK
999
_c
169460
_d
169460